[Event "SR 1. liga zapad 2014/2015"]
[Site "?"]
[Date "2015.01.11"]
[Round "6.4"]
[White "Havlicek, Libor"]
[Black "Jozefek, Michal"]
[Result "1/2-1/2"]
[WhiteElo "2278"]
[BlackElo "2064"]
[PlyCount "106"]
[EventDate "2014.??.??"]

1. Nf3 Nf6 2. c4 c5 3. g3 b6 4. Bg2 Bb7 5. O-O e6 6. Nc3 Be7 7. d4 cxd4 8. Qxd4
O-O 9. Rd1 d6 10. b3 Nc6 11. Qd2 Qc8 12. Bb2 Rd8 13. Rac1 Rd7 14. Nd5 Qd8 15.
Nxe7+ Qxe7 16. Qf4 Rad8 17. Rd2 d5 18. Ne5 Nxe5 19. Bxe5 Ne8 20. Rcd1 f6 21.
Bb2 dxc4 22. Ba3 Qf7 23. Bxb7 Rxd2 24. Rxd2 Rxd2 25. Qxd2 Qxb7 26. Qb4 Qf7 27.
bxc4 g6 28. Qa4 Ng7 29. Qc6 e5 30. Qa8+ Qe8 31. Qxa7 Qd8 32. Qe7 Qd1+ 33. Kg2
h5 34. Qxf6 Qxe2 35. Qxg6 Qxc4 36. Bd6 Qc6+ 37. f3 Qd5 38. a3 h4 39. gxh4 Qd2+
40. Kh3 Qd1 41. Bxe5 Qxf3+ 42. Bg3 Qxa3 43. Qxb6 Qf3 44. Qf2 Qxf2 45. Bxf2 Kf7
46. Kg4 Kg6 47. Bd4 Nh5 48. Bc3 Nf6+ 49. Kf3 Nh5 50. Ke4 Nf6+ 51. Kd4 Kh5 52.
Be1 Nh7 53. Ke5 Nf8 1/2-1/2

[Event "SR 1. liga zapad 2014/2015"]
[Site "?"]
[Date "2015.01.11"]
[Round "6.4"]
[White "Karas, Marek"]
[Black "Ruckschloss, Karol"]
[Result "1/2-1/2"]
[WhiteElo "2170"]
[BlackElo "2207"]
[PlyCount "59"]
[EventDate "2014.??.??"]

1. Nf3 g6 2. e4 Bg7 3. d4 d6 4. c4 Nd7 5. Nc3 e5 6. Be2 Ngf6 7. O-O O-O 8. Re1
Re8 9. Bf1 h6 10. d5 Nf8 11. b4 g5 12. a4 Ng6 13. c5 Nf4 14. Nd2 Rf8 15. Nc4
Ne8 16. Be3 f5 17. f3 fxe4 18. fxe4 Bd7 19. Na5 Qc8 20. c6 bxc6 21. Nxc6 Bxc6
22. dxc6 a6 23. b5 axb5 24. Bxb5 Nf6 25. a5 Ne6 26. a6 Nd4 27. Bxd4 exd4 28.
Qxd4 Ng4 29. Qc4+ Kh8 30. Ra2 1/2-1/2

[Event "SR 1. liga zapad 2014/2015"]
[Site "?"]
[Date "2015.01.11"]
[Round "6.4"]
[White "Hacik, Radomir"]
[Black "Danada, Tomas"]
[Result "1/2-1/2"]
[WhiteElo "2143"]
[BlackElo "2118"]
[PlyCount "40"]
[EventDate "2014.??.??"]

1. e4 g6 2. g3 Bg7 3. Bg2 c5 4. c4 Nc6 5. Ne2 Nf6 6. O-O O-O 7. Nbc3 d6 8. d3
Ne8 9. h3 Nc7 10. Rb1 Rb8 11. Be3 b5 12. b3 b4 13. Nd5 e6 14. Nxc7 Qxc7 15. d4
Nxd4 16. Nxd4 cxd4 17. Bxd4 Bxd4 18. Qxd4 e5 19. Qd2 Be6 20. Rbd1 Rb6 1/2-1/2

[Event "SR 1. liga zapad 2014/2015"]
[Site "?"]
[Date "2015.01.11"]
[Round "6.4"]
[White "Jablonicky, Martin"]
[Black "Turna, Stefan"]
[Result "0-1"]
[WhiteElo "1949"]
[BlackElo "2207"]
[PlyCount "58"]
[EventDate "2014.??.??"]

1. e4 c5 2. Nf3 e6 3. d4 cxd4 4. Nxd4 Nf6 5. Nc3 d6 6. Be3 Nc6 7. Be2 Be7 8. g4
a6 9. g5 Nd7 10. Qd2 Nxd4 11. Qxd4 O-O 12. h4 b5 13. O-O-O Rb8 14. Rdg1 b4 15.
Nb1 e5 16. Qd2 Nc5 17. f3 Be6 18. h5 d5 19. Qe1 d4 20. Bd2 d3 21. Bd1 dxc2 22.
Bxc2 Nd3+ 23. Bxd3 Qxd3 24. g6 Bxa2 25. gxh7+ Kh8 26. Nc3 bxc3 27. Bxc3 Qb1+
28. Kd2 Rxb2+ 29. Bxb2 Qxb2+ 0-1

[Event "SR 1. liga zapad 2014/2015"]
[Site "?"]
[Date "2015.01.11"]
[Round "6.4"]
[White "Valent, Ivan"]
[Black "Polasek, Filip"]
[Result "1/2-1/2"]
[WhiteElo "2214"]
[BlackElo "2122"]
[PlyCount "58"]
[EventDate "2014.??.??"]

1. e4 e5 2. Nf3 Nc6 3. Bb5 a6 4. Ba4 Nf6 5. O-O Be7 6. Re1 b5 7. Bb3 O-O 8. h3
Bb7 9. d3 d6 10. c3 Na5 11. Bc2 c5 12. Nbd2 Nc6 13. Nf1 Qd7 14. Ng3 Nd8 15. d4
cxd4 16. cxd4 exd4 17. Nxd4 Ne6 18. Ngf5 d5 19. e5 Ne4 20. Qg4 g6 21. Bh6 Nxd4
22. Nxd4 Qxg4 23. hxg4 Rfc8 24. Be3 Bc5 25. Rac1 Bxd4 26. Bxd4 Rc4 27. Be3 Rac8
28. Bd3 Rxc1 29. Bxc1 Kf8 1/2-1/2

[Event "SR 1. liga zapad 2014/2015"]
[Site "?"]
[Date "2015.01.11"]
[Round "6.5"]
[White "Berczes, Csaba"]
[Black "Chovan, Milan"]
[Result "1-0"]
[WhiteElo "2357"]
[BlackElo "2093"]
[PlyCount "73"]
[EventDate "2014.??.??"]

1. Nf3 d5 2. g3 c6 3. Bg2 Bg4 4. c4 e6 5. O-O Nf6 6. d3 Bd6 7. Nc3 O-O 8. a3
Nbd7 9. cxd5 exd5 10. b4 a5 11. b5 Qe7 12. bxc6 bxc6 13. Qc2 Rab8 14. Nd4 Rfc8
15. h3 Be5 16. hxg4 Bxd4 17. Bh3 h6 18. e3 Be5 19. f4 Bd6 20. e4 Bc5+ 21. Kh1
Bd4 22. e5 Nh7 23. Ra2 Nhf8 24. Ne2 Ba7 25. Ng1 Ne6 26. Bb2 Ndc5 27. Nf3 Nb3
28. g5 hxg5 29. Nxg5 Rc7 30. Bxe6 fxe6 31. d4 Kf8 32. Qg6 Rcb7 33. f5 Qe8 34.
fxe6+ Ke7 35. Qxg7+ Kd8 36. Nf7+ Kc7 37. Nd6+ 1-0

[Event "SR 1. liga zapad 2014/2015"]
[Site "?"]
[Date "2015.01.11"]
[Round "6.5"]
[White "Kalisky, Vladimir"]
[Black "Farkas, Gabor"]
[Result "0-1"]
[WhiteElo "2268"]
[BlackElo "2346"]
[PlyCount "120"]
[EventDate "2014.??.??"]

1. c4 f5 2. Nf3 Nf6 3. g3 g6 4. Bg2 Bg7 5. O-O O-O 6. Nc3 d6 7. d4 Nc6 8. b3 e5
9. dxe5 dxe5 10. Ba3 Re8 11. e3 e4 12. Ng5 h6 13. Nh3 g5 14. Qc2 Ne5 15. Rad1
Bd7 16. Kh1 c6 17. Ng1 Qa5 18. Bd6 Nd3 19. f3 exf3 20. Nxf3 Nb4 21. Qd2 Na6 22.
a3 Ng4 23. b4 Qxa3 24. Nd4 Nxe3 25. Rf3 Nxc4 26. Qf2 Nxd6 27. Nc2 Qb2 28. Rxd6
Be6 29. Qd2 Nxb4 30. Nd1 Qxc2 31. Qxb4 Bd5 32. Rxd5 cxd5 33. Ne3 Qc1+ 34. Nf1
b6 35. h3 Rad8 36. Rxf5 Rf8 37. g4 Rxf5 38. gxf5 Qf4 39. Qe7 Qd6 40. Qxa7 Bd4
41. Nd2 Be3 42. Nf1 Bf4 43. Qa2 Qe5 44. Qb1 Rd6 45. Qc2 Kf7 46. Qc8 Qe8 47. Qc3
Qd7 48. Ng3 Bxg3 49. Qxg3 Qc6 50. Kh2 Rd7 51. Qf3 Qc7+ 52. Kg1 Qc1+ 53. Bf1
Qc5+ 54. Kh1 Ra7 55. Qh5+ Kf6 56. h4 Qe3 57. Qg6+ Ke5 58. Qe6+ Kf4 59. Qd6+ Qe5
60. Qxh6 Qe4+ 0-1

[Event "SR 1. liga zapad 2014/2015"]
[Site "?"]
[Date "2015.01.11"]
[Round "6.5"]
[White "Janko, Michal"]
[Black "Szucs, Vladimir"]
[Result "1/2-1/2"]
[WhiteElo "2280"]
[BlackElo "2228"]
[PlyCount "53"]
[EventDate "2014.??.??"]

1. Nf3 c5 2. e4 Nc6 3. d4 cxd4 4. Nxd4 g6 5. c4 Nf6 6. Nc3 d6 7. Nc2 Bg7 8. Be2
O-O 9. O-O Nd7 10. Rb1 Bxc3 11. bxc3 Nc5 12. f3 Na4 13. Bd2 Nb6 14. Ne3 Na5 15.
Nd5 Be6 16. Bh6 Re8 17. Qd4 f6 18. Nxb6 axb6 19. Rxb6 Nc6 20. Qe3 Rxa2 21. Rxb7
Na5 22. Rb4 Qc7 23. Rfb1 Nxc4 24. Bxc4 Bxc4 25. Qd4 Be6 26. Rb7 Qc8 27. h4
1/2-1/2

[Event "SR 1. liga zapad 2014/2015"]
[Site "?"]
[Date "2015.01.11"]
[Round "6.5"]
[White "Gorusa, Miroslav"]
[Black "Krajnak, Martin"]
[Result "0-1"]
[WhiteElo "2172"]
[BlackElo "2227"]
[PlyCount "74"]
[EventDate "2014.??.??"]

1. d4 Nf6 2. c4 Nc6 3. Nf3 d6 4. Bf4 g6 5. d5 Nb8 6. Nc3 Bg7 7. e4 O-O 8. Be2
Na6 9. O-O c6 10. Rc1 Bd7 11. a3 Nc5 12. Nd2 a5 13. b4 axb4 14. axb4 Na6 15.
Qb3 c5 16. b5 Nb4 17. Ra1 Qc7 18. Ra3 Bg4 19. Rfa1 Rxa3 20. Rxa3 Bxe2 21. Nxe2
Nd7 22. Nf3 Nb6 23. Bd2 e6 24. h3 Rc8 25. Ra7 Qb8 26. Ra3 Qc7 27. Nf4 Re8 28.
Nd3 exd5 29. exd5 h6 30. Nxb4 cxb4 31. Bxb4 Nxc4 32. Ra2 Nb2 33. Kh2 Re2 34.
Ba3 Qb6 35. Bxb2 Qxf2 36. Ra8+ Kh7 37. Ne1 Rxb2 0-1

[Event "SR 1. liga zapad 2014/2015"]
[Site "?"]
[Date "2015.01.11"]
[Round "6.5"]
[White "Balogh, Peter"]
[Black "Pinter, Patrik"]
[Result "1/2-1/2"]
[WhiteElo "2028"]
[BlackElo "2125"]
[PlyCount "75"]
[EventDate "2014.??.??"]

1. e4 g6 2. d4 Bg7 3. c4 c5 4. Nf3 Nc6 5. d5 Nd4 6. Nc3 d6 7. Be3 Bg4 8. Be2
Nxe2 9. Qxe2 Nf6 10. h3 Bxf3 11. Qxf3 O-O 12. Qe2 a6 13. f3 Nh5 14. Qd2 Ng3 15.
Rg1 f5 16. Bf2 f4 17. Bxg3 fxg3 18. Ne2 b5 19. Rc1 bxc4 20. h4 Rb8 21. Rc2 Rb4
22. h5 Qb6 23. hxg6 hxg6 24. Nc3 Rb8 25. Nd1 Bxb2 26. Qg5 Kf7 27. Rh1 Rh8 28.
Qf4+ Kg8 29. Rxh8+ Bxh8 30. Qxg3 Kf7 31. Qh3 Bf6 32. Qh7+ Bg7 33. Qh3 Rb1 34.
Qe6+ Kf8 35. Qc8+ Kf7 36. Qe6+ Kf8 37. Qc8+ Kf7 38. Qe6+ 1/2-1/2

[Event "SR 1. liga zapad 2014/2015"]
[Site "?"]
[Date "2015.01.11"]
[Round "6.5"]
[White "Nagy, Attilla"]
[Black "Kosar, Mikulas"]
[Result "1-0"]
[WhiteElo "2139"]
[BlackElo "1820"]
[PlyCount "63"]
[EventDate "2014.??.??"]

1. c4 e5 2. Nc3 Nf6 3. g3 Bc5 4. Bg2 O-O 5. d3 c6 6. Nf3 Qc7 7. O-O d5 8. Bg5
Nbd7 9. cxd5 Nxd5 10. Nxd5 cxd5 11. d4 exd4 12. Nxd4 Qe5 13. Be3 Nf6 14. Nf3
Qd6 15. Bxc5 Qxc5 16. Qd4 Qb5 17. e3 Be6 18. Rfc1 Rfc8 19. Bf1 Qd7 20. Ne5 Qd6
21. Nd3 a6 22. Nf4 Rc6 23. Rxc6 Qxc6 24. Rd1 Rc8 25. Bg2 Bg4 26. Nxd5 Qe6 27.
Nxf6+ gxf6 28. Bd5 Qf5 29. Be4 Qh5 30. Re1 Qa5 31. b4 Qa3 32. Bxb7 1-0

[Event "SR 1. liga zapad 2014/2015"]
[Site "?"]
[Date "2015.01.11"]
[Round "6.5"]
[White "Kosar, Mikulas"]
[Black "Dlhy, Jozef"]
[Result "1/2-1/2"]
[WhiteElo "1712"]
[BlackElo "2075"]
[PlyCount "81"]
[EventDate "2014.??.??"]

1. e4 c6 2. d4 d5 3. e5 Bf5 4. Bd3 Bxd3 5. Qxd3 e6 6. Nf3 Nd7 7. c3 c5 8. O-O
Ne7 9. Qb5 Qc7 10. Re1 Nc6 11. Bf4 Be7 12. Nbd2 c4 13. Qa4 O-O 14. Qc2 Rfe8 15.
Ng5 Nf8 16. Ndf3 h6 17. Nh3 Ng6 18. Bg3 b5 19. Nf4 Nxf4 20. Bxf4 Bf8 21. a3 a5
22. h4 f5 23. Qe2 g6 24. g3 b4 25. Nh2 bxa3 26. bxa3 Qe7 27. a4 Rab8 28. Qd2
Kh7 29. Reb1 Rb3 30. Qc1 Reb8 31. Nf3 Qb7 32. Nd2 Rb2 33. Kg2 Be7 34. Be3 Rxb1
35. Rxb1 Qc7 36. Rxb8 Qxb8 37. Qc2 Na7 38. Nb1 Nc8 39. Bc1 Qb3 40. Qxb3 cxb3
41. Nd2 1/2-1/2

[Event "SR 1. liga zapad 2014/2015"]
[Site "?"]
[Date "2015.01.11"]
[Round "6.5"]
[White "Pereszlenyi, Gejza"]
[Black "Bott, Tamas"]
[Result "1-0"]
[WhiteElo "1953"]
[BlackElo "1752"]
[PlyCount "39"]
[EventDate "2014.??.??"]

1. d4 Nf6 2. Nf3 e6 3. Bf4 d5 4. e3 Bd6 5. Ne5 Bd7 6. Be2 Nc6 7. Nd2 O-O 8. O-O
Ne8 9. Bd3 Nb4 10. Be2 g5 11. Nxd7 Qxd7 12. Bxg5 Kh8 13. c3 Rg8 14. f4 Nc6 15.
Bh5 f6 16. Bxe8 Raxe8 17. Bxf6+ Rg7 18. Qh5 Be7 19. Bxg7+ Kxg7 20. Rf3 1-0

[Event "SR 1. liga zapad 2014/2015"]
[Site "?"]
[Date "2015.01.11"]
[Round "6.6"]
[White "Borosova, Zuzana"]
[Black "Koval, Maros"]
[Result "1-0"]
[WhiteElo "2263"]
[BlackElo "2098"]
[PlyCount "101"]
[EventDate "2014.??.??"]

1. e4 e5 2. Nf3 Nf6 3. Nxe5 d6 4. Nf3 Nxe4 5. Nc3 Nf6 6. d4 Be7 7. Be3 Bf5 8.
Bd3 Bxd3 9. Qxd3 c6 10. d5 c5 11. O-O O-O 12. Nd2 Nbd7 13. Nc4 Ng4 14. Bf4 Nge5
15. Bxe5 Nxe5 16. Nxe5 dxe5 17. Ne4 Bd6 18. c4 f5 19. Nxd6 Qxd6 20. f3 Rae8 21.
Rae1 Re7 22. Re2 g6 23. Rfe1 Rfe8 24. a3 a5 25. b3 b6 26. Kh1 h5 27. Qd2 Kg7
28. Kg1 Qf6 29. Qc3 e4 30. Qxf6+ Kxf6 31. Kf2 g5 32. a4 h4 33. fxe4 fxe4 34.
Ke3 Kg6 35. Rf1 h3 36. g4 Rh8 37. Ref2 Rh4 38. Rg1 Rhh7 39. Rg3 Kg7 40. Rf5 Kg6
41. Rg1 Rh4 42. d6 Rd7 43. Rd5 Rh8 44. Kxe4 Re8+ 45. Re5 Rf8 46. Kd5 Rdd8 47.
Re6+ Kg7 48. Re7+ Kg8 49. Rge1 b5 50. axb5 a4 51. bxa4 1-0

[Event "SR 1. liga zapad 2014/2015"]
[Site "?"]
[Date "2015.01.11"]
[Round "6.6"]
[White "Bojda, Lubomir"]
[Black "Bottyan, Peter"]
[Result "0-1"]
[WhiteElo "2167"]
[BlackElo "2239"]
[PlyCount "98"]
[EventDate "2014.??.??"]

1. d4 Nf6 2. Nf3 e6 3. g3 b6 4. Bg2 Bb7 5. O-O Be7 6. c4 O-O 7. Nc3 d5 8. Ne5
Nbd7 9. Qa4 c6 10. Rd1 Nxe5 11. dxe5 Nd7 12. cxd5 exd5 13. e4 Nc5 14. Qd4 Ne6
15. Qa4 d4 16. b4 Qc7 17. Ne2 a5 18. Nxd4 Nxd4 19. Rxd4 Qxe5 20. Qd1 c5 21. Rd7
Qxa1 22. Rxb7 Bf6 23. e5 Rad8 24. Qc2 Bxe5 25. bxc5 bxc5 26. Be4 g6 27. Kg2 Qc3
28. Bh6 Qxc2 29. Bxc2 Bg7 30. Bg5 Rb8 31. Ra7 Rb2 32. Bb3 Bd4 33. Rxa5 Rxf2+
34. Kh3 Rc8 35. Bh6 Rf5 36. g4 Rf3+ 37. Kg2 Rf2+ 38. Kg3 Rf6 39. Bc4 Rb8 40.
Ra7 Be5+ 41. Kh3 Rf2 42. g5 Rxh2+ 43. Kg4 Rb4 44. Kf3 Rh3+ 45. Kg2 Rg3+ 46. Kf2
Rb2+ 47. Kf1 Rf3+ 48. Kg1 Bd4+ 49. Kh1 Rh3# 0-1

[Event "SR 1. liga zapad 2014/2015"]
[Site "?"]
[Date "2015.01.11"]
[Round "6.6"]
[White "Kukel, Imre"]
[Black "Polacik, Igor"]
[Result "1/2-1/2"]
[WhiteElo "2279"]
[BlackElo "2173"]
[PlyCount "61"]
[EventDate "2014.??.??"]

1. e4 e5 2. Nf3 Nc6 3. Bb5 a6 4. Ba4 d6 5. c3 Bd7 6. O-O Nge7 7. d4 Ng6 8. Nbd2
Be7 9. Re1 h6 10. Nf1 Bg5 11. Ne3 Bxe3 12. Bxe3 O-O 13. h3 Qe7 14. Bc2 Nd8 15.
Qe2 Qf6 16. Rad1 Be6 17. Nh2 Nf4 18. Qf3 g5 19. Kh1 Kg7 20. Bb3 Bxb3 21. axb3
Nc6 22. Nf1 Ng6 23. Qe2 Nf4 24. Qd2 Kh7 25. Ng3 Rae8 26. Qc2 Rg8 27. dxe5 dxe5
28. Rd7 Ne6 29. Nf5 Rd8 30. Red1 Rxd7 31. Rxd7 1/2-1/2

[Event "SR 1. liga zapad 2014/2015"]
[Site "?"]
[Date "2015.01.11"]
[Round "6.6"]
[White "Riabov, Alexander"]
[Black "Janko, Zoltan"]
[Result "0-1"]
[WhiteElo "2072"]
[BlackElo "2255"]
[PlyCount "102"]
[EventDate "2014.??.??"]

1. e4 c5 2. Nc3 Nc6 3. g3 g6 4. Bg2 Bg7 5. d3 d6 6. f4 e6 7. Nf3 Nge7 8. O-O
O-O 9. Be3 Nd4 10. Rb1 Bd7 11. Ne2 Nxf3+ 12. Bxf3 Qc7 13. c3 Bc6 14. d4 b6 15.
d5 exd5 16. exd5 Bd7 17. g4 Rac8 18. Bf2 h6 19. Ng3 f5 20. g5 hxg5 21. fxg5 f4
22. Ne4 Bf5 23. Qd2 Be5 24. Rbd1 Kg7 25. Rfe1 Qd7 26. Nf6 Rxf6 27. gxf6+ Kxf6
28. h4 Rg8 29. Kf1 Bh3+ 30. Ke2 Qb5+ 31. Qd3 Qxb2+ 32. Rd2 Qxc3 33. Rh1 Qxd3+
34. Rxd3 Bf5 35. Ra3 a5 36. Rb3 Rb8 37. Be1 a4 38. Rb5 Bd7 39. Rb1 b5 40. h5 g5
41. h6 Bf5 42. Rd1 Ng6 43. h7 g4 44. Bg2 f3+ 45. Bxf3 gxf3+ 46. Kxf3 b4 47.
Bh4+ Nxh4+ 48. Rxh4 Rh8 49. Rdh1 b3 50. Rxa4 b2 51. Rh6+ Kg7 0-1

[Event "SR 1. liga zapad 2014/2015"]
[Site "?"]
[Date "2015.01.11"]
[Round "6.6"]
[White "Szegi, Tamas"]
[Black "Bielik, Miroslav"]
[Result "1-0"]
[WhiteElo "2186"]
[BlackElo "2157"]
[PlyCount "41"]
[EventDate "2014.??.??"]

1. e4 Nc6 2. Nf3 d5 3. exd5 Qxd5 4. Nc3 Qa5 5. Bb5 Bd7 6. O-O a6 7. Bc4 b5 8.
Bb3 b4 9. Nd5 Be6 10. c4 Rd8 11. d4 Bxd5 12. cxd5 Na7 13. Ne5 Qb6 14. d6 e6 15.
d7+ Ke7 16. Qh5 g6 17. Qh4+ Nf6 18. Bg5 Bg7 19. Ng4 Qxd4 20. Rad1 Qxb2 21. Nxf6
1-0

[Event "SR 1. liga zapad 2014/2015"]
[Site "?"]
[Date "2015.01.11"]
[Round "6.6"]
[White "Belan, Jozef"]
[Black "Voros, Gellert"]
[Result "0-1"]
[WhiteElo "2066"]
[BlackElo "2069"]
[PlyCount "80"]
[EventDate "2014.??.??"]

1. c4 Nf6 2. Nf3 c6 3. g3 d5 4. b3 Bg4 5. Bg2 e6 6. Bb2 Bd6 7. O-O O-O 8. d3
Qe7 9. Nbd2 Nbd7 10. e4 dxe4 11. dxe4 Rad8 12. Qc2 e5 13. h3 Bh5 14. Nh4 Bb4
15. Ndf3 Bg6 16. Nxg6 hxg6 17. Rad1 Nh5 18. Bc1 Bc5 19. Kh2 Rfe8 20. h4 Nf8 21.
Bb2 Bd6 22. c5 Bxc5 23. Nxe5 Bd6 24. f4 Ne6 25. Nd3 Bc7 26. e5 Nd4 27. Bxd4
Rxd4 28. Nc5 Rxd1 29. Rxd1 Nxf4 30. Rd7 Qxe5 31. Qc4 Nd5 32. Rxc7 Qxc7 33. Ne4
Ne3 34. Qe2 Nd5 35. Qf2 a6 36. Ng5 Nf6 37. Qf3 Re3 38. Qf4 Qxf4 39. gxf4 Re2
40. Kg3 Rxa2 0-1

[Event "SR 1. liga zapad 2014/2015"]
[Site "?"]
[Date "2015.01.11"]
[Round "6.6"]
[White "Molnar, Erno"]
[Black "Marko, Anton"]
[Result "0-1"]
[WhiteElo "2027"]
[BlackElo "2092"]
[PlyCount "132"]
[EventDate "2014.??.??"]

1. e4 g6 2. d4 Bg7 3. Nc3 d6 4. f4 Nc6 5. Bb5 a6 6. Bxc6+ bxc6 7. Nf3 Nf6 8.
O-O O-O 9. Qe1 Nd7 10. Be3 Rb8 11. b3 e6 12. Rd1 Qe7 13. Kh1 d5 14. exd5 cxd5
15. Na4 Bb7 16. Ne5 Nxe5 17. fxe5 f6 18. exf6 Rxf6 19. Rxf6 Bxf6 20. Nc5 Bc8
21. Bf2 Ra8 22. Qe2 a5 23. a4 c6 24. Re1 Kf7 25. Qf3 Kg7 26. Qe3 Kf7 27. Bg3
Ra7 28. Rf1 Kg8 29. Bb8 Ra8 30. Bd6 Bxd4 31. Qg3 Qa7 32. Rf8+ Kg7 33. Re8 Bf6
34. Nxe6+ Bxe6 35. Rxe6 Qd4 36. Re7+ Kg8 37. Re1 Rd8 38. Bc7 Rf8 39. Qd6 Qf2
40. Bxa5 Bd4 41. h3 Qxc2 42. Bb4 Rf7 43. Re8+ Kg7 44. Re7 Qd1+ 45. Be1 Bf6 46.
Rxf7+ Kxf7 47. Qg3 d4 48. Qc7+ Be7 49. Qf4+ Ke6 50. Qd2 Qxd2 51. Bxd2 Kd5 52.
Kg1 Ke4 53. Kf1 Kd3 54. Ke1 Kc2 55. a5 Bh4+ 56. Kf1 Bd8 57. a6 Bb6 58. Ba5 Ba7
59. b4 d3 60. b5 cxb5 61. Ke1 h5 62. g4 hxg4 63. hxg4 Bc5 64. Bd2 b4 65. a7
Bxa7 66. Bxb4 Be3 0-1

[Event "SR 1. liga zapad 2014/2015"]
[Site "?"]
[Date "2015.01.11"]
[Round "6.6"]
[White "Horn, Jozef"]
[Black "Joba, Arpad"]
[Result "1-0"]
[WhiteElo "2028"]
[BlackElo "1887"]
[PlyCount "45"]
[EventDate "2014.??.??"]

1. d4 Nf6 2. c4 g6 3. Nc3 Bg7 4. Nf3 O-O 5. e4 d6 6. Bd3 e5 7. d5 a5 8. h3 Nbd7
9. Bg5 h6 10. Be3 Kh7 11. Qc2 Ne8 12. Nh2 c6 13. O-O Nef6 14. Rad1 Qe7 15. f4
Nh5 16. f5 c5 17. g4 Nhf6 18. h4 Nxg4 19. Nxg4 Qxh4 20. Qg2 gxf5 21. Rxf5 h5
22. Nh2 Nf6 23. Bf2 1-0

[Event "SR 1. liga zapad 2014/2015"]
[Site "?"]
[Date "2015.01.31"]
[Round "7.1"]
[White "Gazik, Viktor"]
[Black "Motuz, Karol"]
[Result "1-0"]
[WhiteElo "2291"]
[BlackElo "2336"]
[PlyCount "93"]
[EventDate "2014.??.??"]

1. c4 c6 2. Nf3 d5 3. g3 Nf6 4. Bg2 Bf5 5. O-O e6 6. d3 Nbd7 7. Nc3 Be7 8. Nh4
Bg4 9. h3 Bh5 10. g4 Bg6 11. Bf4 d4 12. Nb1 Nf8 13. Qb3 N6d7 14. Qxb7 Bxh4 15.
Bc7 Qc8 16. Qxc6 Rb8 17. Na3 Rb6 18. Bxb6 Qxc6 19. Bxc6 axb6 20. Nb5 e5 21. c5
bxc5 22. a4 Ne6 23. a5 Ke7 24. a6 Nb8 25. Bd5 Nxa6 26. Bxe6 fxe6 27. Rxa6 Rb8
28. Nc7 Rxb2 29. Nxe6 c4 30. dxc4 Rxe2 31. Nc7 Bd3 32. Nd5+ Kd7 33. f3 Rb2 34.
Rfa1 Bf2+ 35. Kh1 e4 36. Ra7+ Kc8 37. Ne7+ Kd8 38. Nc6+ Kc8 39. Rxg7 Rb1+ 40.
Rxb1 Bxb1 41. Kg2 Be3 42. Ne7+ Kd8 43. Nf5 exf3+ 44. Kxf3 Bg1 45. Kg2 Bxf5 46.
gxf5 d3 47. Rg3 1-0

[Event "SR 1. liga zapad 2014/2015"]
[Site "?"]
[Date "2015.01.31"]
[Round "7.1"]
[White "Jakubek, Peter"]
[Black "Gazik, Igor"]
[Result "1-0"]
[WhiteElo "2169"]
[BlackElo "2321"]
[PlyCount "69"]
[EventDate "2014.??.??"]

1. d4 g6 2. e4 Bg7 3. Nc3 d6 4. Be3 c6 5. f4 b5 6. Bd3 Nd7 7. Nf3 Nb6 8. Qe2
Nf6 9. O-O O-O 10. Rae1 b4 11. Nd1 a5 12. f5 d5 13. e5 Ne4 14. fxg6 hxg6 15.
Ng5 Nxg5 16. Bxg5 Ra7 17. h4 f5 18. exf6 exf6 19. Be3 f5 20. h5 g5 21. h6 Bxh6
22. Qh5 Qf6 23. Nf2 Qg7 24. Bd2 Nc4 25. Bxc4 dxc4 26. Re5 f4 27. Ng4 Bxg4 28.
Qxg4 Qf7 29. Rxf4 Qd7 30. Rxf8+ Kxf8 31. Rf5+ Kg8 32. Bxg5 Bg7 33. Bf6 Qe8 34.
Rg5 Qf8 35. Qe6+ 1-0

[Event "SR 1. liga zapad 2014/2015"]
[Site "?"]
[Date "2015.01.31"]
[Round "7.1"]
[White "Dobrotka, Martin"]
[Black "Obona, Jan"]
[Result "1-0"]
[WhiteElo "2189"]
[BlackElo "2166"]
[PlyCount "91"]
[EventDate "2014.??.??"]

1. d4 d5 2. c4 e6 3. Nc3 c6 4. Nf3 dxc4 5. a4 Bb4 6. e3 b5 7. Be2 Bb7 8. O-O a6
9. Nd2 Nf6 10. Bf3 Qb6 11. Na2 Be7 12. b3 c3 13. Nxc3 O-O 14. Bb2 Nbd7 15. Nde4
Nd5 16. Ng3 g6 17. Nce2 bxa4 18. Rxa4 c5 19. e4 N5f6 20. d5 e5 21. Bc3 Qd6 22.
Qa1 Bd8 23. Nc1 Re8 24. Nd3 Bc7 25. Rd1 a5 26. Nf1 Nb6 27. Ra2 c4 28. bxc4 Nxc4
29. Nd2 Nxd2 30. Rdxd2 Nxe4 31. Bxe4 f5 32. Bxe5 Rxe5 33. Qxe5 Qxe5 34. Nxe5
Bxe5 35. Bf3 Bc3 36. Rdc2 Bb4 37. Rc7 Ba6 38. Be2 Bxe2 39. Rxe2 Rd8 40. g3 Kf8
41. Rxh7 Rxd5 42. Rc2 Bc5 43. Rc7 Bd6 44. Rb7 Be7 45. Rc8+ Kf7 46. Ra8 1-0

[Event "SR 1. liga zapad 2014/2015"]
[Site "?"]
[Date "2015.01.31"]
[Round "7.1"]
[White "Chovanec, Milan"]
[Black "Hanko, Pavol"]
[Result "1/2-1/2"]
[WhiteElo "2143"]
[BlackElo "2133"]
[PlyCount "87"]
[EventDate "2014.??.??"]

1. e4 c5 2. Nc3 e6 3. f4 d6 4. Nf3 Nc6 5. Bb5 Bd7 6. O-O a6 7. Bxc6 Bxc6 8. d3
Nf6 9. Bd2 Be7 10. Qe1 O-O 11. h3 b5 12. g4 Re8 13. Ne2 c4 14. Ned4 Bb7 15. Kh2
g6 16. f5 e5 17. Ne2 d5 18. Ng3 cxd3 19. cxd3 dxe4 20. dxe4 Nd7 21. Ba5 Qb8 22.
Rd1 Bc6 23. Qe3 Qb7 24. Bc3 Bf8 25. fxg6 fxg6 26. Bb4 Bg7 27. Qb3+ Kh8 28. Ng5
h6 29. Nf7+ Kh7 30. Nd6 Qb6 31. Nxe8 Rxe8 32. Rd6 a5 33. Bxa5 Qxa5 34. Rxc6
Qd2+ 35. Kh1 Qg5 36. Rc7 Qd8 37. Qc2 Nf8 38. Rff7 Ne6 39. Rcd7 Qh4 40. Kh2 Rg8
41. Ne2 Ng5 42. Qc3 Nxf7 43. Rxf7 Qg5 44. Ng1 1/2-1/2

[Event "SR 1. liga zapad 2014/2015"]
[Site "?"]
[Date "2015.01.31"]
[Round "7.1"]
[White "Lakatos, Vladimir"]
[Black "Kukucka, Matej"]
[Result "1/2-1/2"]
[WhiteElo "2121"]
[BlackElo "2073"]
[PlyCount "53"]
[EventDate "2014.??.??"]

1. c4 e5 2. Nc3 Nc6 3. g3 f5 4. Bg2 Nf6 5. e3 d5 6. Nxd5 Nxd5 7. cxd5 Nb4 8.
Qb3 e4 9. f3 Nd3+ 10. Ke2 Nc5 11. Qc4 b6 12. b4 Ba6 13. b5 Bb7 14. fxe4 fxe4
15. Bxe4 Nxe4 16. Qxe4+ Be7 17. Nf3 Bxd5 18. Qg4 O-O 19. Rf1 h5 20. Qa4 Bxf3+
21. Rxf3 Rxf3 22. Kxf3 Qd5+ 23. Ke2 Bf6 24. Rb1 Qg2+ 25. Kd1 Qxh2 26. Qc4+ Kh8
27. Qxc7 1/2-1/2

[Event "SR 1. liga zapad 2014/2015"]
[Site "?"]
[Date "2015.01.31"]
[Round "7.1"]
[White "Skrabakova, Katarina"]
[Black "Detko, Jan"]
[Result "1/2-1/2"]
[WhiteElo "2010"]
[BlackElo "2165"]
[PlyCount "91"]
[EventDate "2014.??.??"]

1. e4 d6 2. d4 Nf6 3. Nc3 c6 4. h3 Qc7 5. Be3 e5 6. Nf3 h6 7. Qd2 Be7 8. Bd3
Nbd7 9. dxe5 dxe5 10. g4 Bc5 11. Nh4 Bxe3 12. Qxe3 Qb6 13. Qxb6 Nxb6 14. Nf3
Nfd7 15. O-O-O f6 16. Nd2 Nc5 17. Nc4 Nxc4 18. Bxc4 Be6 19. Bxe6 Nxe6 20. Ne2
Ke7 21. Ng3 g6 22. h4 Ng7 23. h5 g5 24. Nf1 Rhd8 25. Ne3 Rxd1+ 26. Rxd1 Rd8 27.
Rxd8 Kxd8 28. Kd2 Kc7 29. c4 Kd6 30. Kc3 Kc5 31. b4+ Kd6 32. b5 Kc5 33. a4 a6
34. bxa6 bxa6 35. a5 Kd6 36. Kb4 Kc7 37. c5 Kd7 38. Nc4 Ne8 39. Nb6+ Kc7 40.
Nc4 Kd7 41. Ne3 Ng7 42. Kc4 Kc7 43. f3 Kd7 44. Nf5 Nxf5 45. exf5 Kc7 46. Kd3
1/2-1/2

[Event "SR 1. liga zapad 2014/2015"]
[Site "?"]
[Date "2015.01.31"]
[Round "7.1"]
[White "Gunis, Juraj"]
[Black "Kvassay, Peter"]
[Result "1-0"]
[WhiteElo "2034"]
[BlackElo "2048"]
[PlyCount "47"]
[EventDate "2014.??.??"]

1. Nf3 Nf6 2. c4 c5 3. d4 cxd4 4. Nxd4 Nc6 5. g3 g6 6. Bg2 Bg7 7. O-O O-O 8.
Nc3 Nxd4 9. Qxd4 d6 10. Qd3 Rb8 11. Rd1 a6 12. c5 Ne8 13. Bf4 Qa5 14. cxd6 Nxd6
15. Nd5 Rd8 16. Nxe7+ Kh8 17. Bxd6 Be6 18. Qa3 Qxa3 19. Bxa3 b5 20. Nc6 Rxd1+
21. Rxd1 Re8 22. b3 Bf6 23. Bc5 Kg8 24. Bd4 1-0

[Event "SR 1. liga zapad 2014/2015"]
[Site "?"]
[Date "2015.01.31"]
[Round "7.1"]
[White "Capak, Stefan"]
[Black "Reisel, Frantisek"]
[Result "1/2-1/2"]
[WhiteElo "2063"]
[BlackElo "1992"]
[PlyCount "59"]
[EventDate "2014.??.??"]

1. d4 d5 2. Nf3 Bf5 3. c4 dxc4 4. Nc3 Nf6 5. e3 Bd3 6. Bxd3 cxd3 7. Qxd3 c6 8.
O-O e6 9. e4 Be7 10. Bg5 h6 11. Bh4 Nbd7 12. Rfd1 O-O 13. Rac1 Nh5 14. Bxe7
Qxe7 15. g3 Nhf6 16. d5 exd5 17. exd5 cxd5 18. Nxd5 Nxd5 19. Qxd5 Nf6 20. Qd6
Qe2 21. Qa3 Rac8 22. Nd4 Rxc1 23. Rxc1 Qd2 24. Qc3 Qxc3 25. Rxc3 Rd8 26. Nf3
Rd1+ 27. Kg2 Rd7 28. Rc2 Re7 29. Nd4 g6 30. h3 1/2-1/2